1717 1319 1672 1814 1199 1495 1014 1652 1437 1957 1868 1949 1526 1054 1569 1437 1520 1060 1398 1532 1410 1634 1210 1170 1567 1753 1833 1067 1666 1028 1251 1520 1221 1963 1454 1216 1520 1289 1136 1378 1586 1137 1833 1779 1327 1733 1272 1349 1833 1112 1805 1150 1179 1056 1900 1019 1566 1905 1361 1898 1490 1266 1883 1256 1927 1001 1697 1057 1592 1191 1548 1977 1366 1512 1564 1416 1040 1817 1298 1638 1441 1957 1792 1013 1127 1875 1414 1789 1732 1509 1711 1350 1609 1674 1240 1131 1952 1819 1101 BCNSPRNW ULIB Ver.6.0+V

เปลี่ยนเป็นภาษาไทย

Change to English
 แสดงรายละเอียดบรรณานุกรม
  กลับหน้าหลัก

Brief Record : Get Marc (ISO 2709) : E-mail record : QR code < ปิดหน้าต่าง
LEADER : 00000nam 2200000uu 4500
001    13399129146
003     ULIB
008    250721s2566||||th 000 0 tha d
020    ^a9789740341277
050    ^aPE1130^bก117ภ
100 0  ^aกันยารัตน์ เกตุขำ.
245 0  ^aภาษาอังกฤษเพื่อการเขียนงานวิจัย =^bEnglish for Research Writing /^cกันยารัตน์ เกตุขำ.
246 3  ^aEnglish for research writing.
250    ^aพิมพ์ครั้งที่ 9.
260    ^aกรุงเทพฯ :^bสำนักพิมพ์จุฬาลงกรณ์มหาวิทยาลัย, ^c2566.
300    ^a248 หน้า :^bตาราง ;^c26 ซม.
505 0  ^a1. Writing Correct Sentences -- 2. Using Modifiers -- 3. Making Your Sentence Concise -- 4. Avoiding Sentence Problems -- 5. Academic Stylistic Features -- 6. Hedging -- 7. Writing Evaluative Stances -- 8. Using Tenses in Your Research Report -- 9. Linking Your Ideas into Paragraphs and Essays -- 10. Writing Your Abstract -- 11. Writing Citations.
505 0  ^a^tWriting correct sentences -- Using modifiers -- Making your sentence concise -- Avoiding sentence problems -- Academic stylistic features -- Hedging -- Writing evaluative stances -- Using tenses in your research report -- Linking your ideas into paragraphs and essays -- Writing your abstract -- Writing citations.
650  4 ^aภาษาอังกฤษ^xการเขียน
650  4 ^aภาษาอังกฤษ^xตำราสำหรับคนต่างชาติ
650 0  ^aการเขียนทางวิชาการ.
650 0  ^aการเขียนรายงาน.
650 0  ^aภาษาอังกฤษ^xการใช้ภาษา
650 0  ^aภาษาอังกฤษ^xไวยากรณ์
945    ^p270^l0^i30576
945    ^p270^l0^i30577
999    ^aกัณชพร จุลอักษร
รายการนี้ยังไม่มีแท็ก
คุณยังไม่ได้ล็อกอิน คุณสามารถมีกิจกรรมร่วมกับเว็บไซต์ได้ แต่ต้องล็อกอินก่อน ::
  ล็อกอิน

รายการสื่อสารสนเทศ

ลำดับที่ ประเภท เลขเรียก/บาร์โค้ด สถานที่ สถานะ
1. การศึกษาทั่วไป
การศึกษาทั่วไป
PE1130 ก117ภ ฉ.1 
  Barcode: 30576
ห้องสมุดวิทยาเขตนครสวรรค์
►หนังสือทั่วไป:l:General Books
บนชั้น
2. วิทยาศาสตร์การแพทย์ และสุขภาพ
วิทยาศาสตร์การแพทย์ และสุขภาพ
PE1130 ก117ภ ฉ.2 
  Barcode: 30577
ห้องสมุดวิทยาเขตนครสวรรค์
►หนังสือทั่วไป:l:General Books
บนชั้น

รายการใกล้เคียง
    ผู้แต่ง [กันยารัตน์ เกตุขำ.]

    หัวเรื่อง [การเขียนทางวิชาการ.]
    หัวเรื่อง [การเขียนรายงาน.]
    หัวเรื่อง [ภาษาอังกฤษ การใช้ภาษา]

BibComment


ยังไม่เคยถูกคอมเมนท์

คอมเมนท์ทรัพยากรรายการนี้
  คอมเมนท์: ภาษาอังกฤษเพื่อก..


 Copyright 2026. Bcnsprnw @Library